| 000 | 00377nam a22001577a 4500 | ||
|---|---|---|---|
| 003 | OSt | ||
| 005 | 20240311125218.0 | ||
| 008 | 171027b xxu||||| |||| 00| 0 eng d | ||
| 020 | _a978-9350248737 | ||
| 040 | _cSEROSOFT | ||
| 100 | _aASHWATHAPPA, K | ||
| 245 | _aPRODUCTION & OPERATION MGMT | ||
| 260 |
_aNEW DELHI _bHIMALAYA _c25/04/2011 |
||
| 300 | _a656 | ||
| 942 |
_2ddc _c02 |
||
| 999 |
_c40789 _d40789 |
||